Dos sepulcros en Bonampak (Record no. 9252)

MARC details
000 -CABECERA
campo de control de longitud fija 00753nam a2200253 a 4500
001 - NÚMERO DE CONTROL
campo de control BRL_440
005 - FECHA Y HORA DE LA ÚLTIMA TRANSACCIÓN
campo de control 20190320210737.0
008 - DATOS DE LONGITUD FIJA--INFORMACIÓN GENERAL
campo de control de longitud fija 130813s1949----mx-a######---#000-0#spa-#
041 ## - CÓDIGO DE LENGUA
Código de lengua del texto/banda sonora o título independiente spa
044 ## - CÓDIGO DEL PAÍS DE LA ENTIDAD EDITORA/PRODUCTORA
Código MARC del país mx
050 #4 - SIGNATURA TOPOGRÁFICA DE LA BIBLIOTECA DEL CONGRESO
Número de clasificación F1435.1.B6
Número de documento/Ítem .S68 1949
100 1# - ENTRADA PRINCIPAL--NOMBRE DE PERSONA
Nombre de persona Sotomayor, Arturo
9 (RLIN) 4536
245 10 - MENCIÓN DE TÍTULO
Título Dos sepulcros en Bonampak
Mención de responsabilidad, etc. Arturo Sotomayor.
260 ## - PUBLICACIÓN, DISTRIBUCIÓN, ETC.
Lugar de publicación, distribución, etc. México
Nombre del editor, distribuidor, etc. Librería del Prado
Fecha de publicación, distribución, etc. [1949?]
300 ## - DESCRIPCIÓN FÍSICA
Extensión 165 p.
Otras características físicas il., 2 hojas plegables, 16 láminas
Dimensiones 21 cm.
500 ## - NOTA GENERAL
Nota general Au1248
500 ## - NOTA GENERAL
Nota general Estado físico: encuadernado, octubre 2013
600 14 - PUNTO DE ACCESO ADICIONAL DE MATERIA--NOMBRE DE PERSONA
Nombre de persona Frey, Carlos
Fechas asociadas al nombre -1949
9 (RLIN) 23918
600 14 - PUNTO DE ACCESO ADICIONAL DE MATERIA--NOMBRE DE PERSONA
Nombre de persona Gómez, Franco L.
Fechas asociadas al nombre -1949
9 (RLIN) 23919
650 14 - PUNTO DE ACCESO ADICIONAL DE MATERIA--TÉRMINO DE MATERIA
Término de materia o nombre geográfico como elemento de entrada Lacandones
9 (RLIN) 23920
651 #4 - PUNTO DE ACCESO ADICIONAL DE MATERIA--NOMBRE GEOGRÁFICO
Nombre geográfico Bonampak Sitio (México)
9 (RLIN) 23921
902 ## - CATALOGADOR
Iniciales GRL
942 ## - ELEMENTOS DE PUNTO DE ACCESO ADICIONAL (KOHA)
Fuente del sistema de clasificación o colocación Library of Congress Classification
Tipo de ítem Koha Libros
Holdings
Estado de retiro Estado de pérdida Estado dañado No para préstamo Localización permanente Ubicación/localización actual Fecha de adquisición Número de inventario Total de préstamos Signatura topográfica completa Código de barras Fecha visto por última vez Precio válido a partir de Tipo de ítem Koha
El ejemplar forma parte de la colección y puede ser consultado según las políticas vigentes.       Biblioteca Centro de Estudios Ruth D. Lechuga Biblioteca Centro de Estudios Ruth D. Lechuga 13/08/2013 Au1248   F1435.1.B6 .S68 1949 (Au1248) GRL00473 22/03/2019 22/03/2019 Libros